The English as collectors: a documentary chrestomathy; selected,

Guardat en:
Dades bibliogràfiques
Autor principal: Herrmann, Frank (comp.)
Format: Llibre
Idioma:English
Publicat: London, Chatto and Windus, 1972.
Matèries:
LEADER 01013nam a2200265 4500
001 c000326590
003 CARM
005 00000000000000.0
008 721124s1972 enkaceh b 00100 eng
015 |a B72-11990 
019 1 |a 627140  |5 LACONCORD2021 
020 |a 0701113367 
035 |a (OCoLC)606560  |5 LACONCORD2021 
043 |a e-uk--- 
050 0 0 |a N5245  |b .H52 
100 1 |a Herrmann, Frank.  |e comp. 
245 1 4 |a The English as collectors:  |b a documentary chrestomathy; selected,  |c introduced and annotated by Frank Herrmann. 
260 |a London,  |b Chatto and Windus,  |c 1972. 
300 |a xvi, 461, [48] p.  |b illus., facsims., plan, ports.  |c 26 cm. 
504 |a Bibliography: p. 418-436. 
650 0 |a Art  |x Collectors and collecting  |z Great Britain. 
852 8 |b CARM  |h A2:AJ25H0  |i C08946  |p 0346523  |f BK 
082 0 4 |a 708/.2 
999 f f |i a9a300d3-622c-5db5-ab31-c80f5ff271ac  |s b65cea7b-6343-5fa1-bb27-15fa1c49bf62 
952 f f |p Can circulate  |a CAVAL  |b CAVAL  |c CAVAL  |d CARM 1 Store  |e C08946  |f A2:AJ25H0  |h Other scheme  |i book  |m 0346523